De lo espiritual en el arte y la pintura en particular /

Guardado en:
Autor Principal: Kandinsky, Wassily
Formato: Libro
Publicado: Buenos Aires : Galatea Nueva Vision, 1960
Edición:3a. ed.
Materias:
Etiquetas: Agregar Etiqueta
Sin Etiquetas, Sea el primero en etiquetar este registro!
LEADER 00522nam a22001695a 4500
001 EHU.bham005705
003 AR-BHAM
005 20090430111016.0
008 130507s1960##################000#0#####d
082 7 0 |a 701 
100 1 |a Kandinsky, Wassily 
245 1 0 |a De lo espiritual en el arte y la pintura en particular /  |c Wassily Kandinsky. 
250 |a 3a. ed. 
260 |a Buenos Aires :  |b Galatea Nueva Vision,  |c 1960 
300 |a 106 p. 
653 |a Arte-filosofia del 
859 |a AR-BHAM  |b BIB. HUMANIDADES - General  |h 701  |i K13  |p 1071.62  |t Ej.1